000 00626cam a22002171 4500
001 ne 68000415
003 DLC
005 20260227111837.0
008 890402s1961 xx c 000 0bper
010 _ane 68000415
035 _a(OCoLC)23555464
040 _aDLC
_cMiU
_dDLC
050 0 0 _aDS294
_b.S5
100 1 _aShafaq, Riz̤āʹzādah,
_d1892 or 1893-
245 1 0 _aNādir Shāh.
260 _c1339 [1961]
300 _a14, 276 p.
_bcol. ports.
_c25 cm.
500 _aRomanized.
600 0 0 _aNādir Shāh,
_cShah of Iran,
_d1688-1747.
810 2 _aAnjuman-i Ās̲ār-i Millī (Iran).
_tSilsilah-i intishārāt ;
_v39.
999 _c50034
_d50034